Their Name Starts with C - Statistics

General Stats
  • This quiz has been taken 31 times
  • The average score is 17 of 24
Answer Stats
Picture Hint Answer % Correct
Believe - If I Could Turn Back Time Cher
100%
Dirty Harry - The Outlaw Josey Wales Clint Eastwood
93%
Girls Just Want To Have Fun - True Colors Cyndi Lauper
93%
My Heart Will Go On - It's All Coming Back to Me Now Celine Dion
85%
Thor - Extraction Chris Hemsworth
85%
Genie in a Bottle - Dirty Christina Aguilera
85%
Charlie's Angels - Bad Teacher Cameron Diaz
81%
Black Magic Woman - Maria Maria Carlos Santana
81%
American Psycho - The Dark Knight Christian Bale
81%
Walker Texas Ranger - Sidekicks Chuck Norris
81%
Oppenheimer - Peaky Blinders Cillian Murphy
78%
Monster - Apex Charlize Theron
70%
Magic Mike - 21 Jump Street Channing Tatum
67%
Down to Earth - Head of State Chris Rock
67%
S.W.A.T. - The Phone Booth Colin Farrell
67%
Men of Honor - Radio Cuba Gooding Jr
67%
Captain America - Knives Out Chris Evans
63%
Guardians of the Galaxy - Jurassic World Chris Pratt
63%
Late Night with _____ ______ Conan O'Brien
56%
Phoenix Suns - Inside the NBA (Basketball) Charles Barkley
52%
Before He Cheats - Jesus, Take The Wheel Carrie Underwood
48%
Baywatch - Scary Movie Carmen Electra
41%
I Love It - Fancy Charli XCX
30%
Goodies - Level Up Ciara
30%
No matching quizzes found
Score Distribution
Percent of People with Each Score
Percentile by Number Answered
Your Score History
You have not taken this quiz